Закономерности электроокисления бинарных электролитических осадков на основе золота и платины; Химия и химическая технология в XXI веке

Bibliografiske detaljer
Parent link:Химия и химическая технология в XXI веке.— 2009.— С. 150
Hovedforfatter: Габдурахманова Э. М. Эльвира Маратовна
Andre forfattere: Горчаков Э. В. Эдуард Владимирович (научный руководитель), Колпакова Н. А. Нина Александровна
Sprog:russisk
Udgivet: 2009
Fag:
Format: MixedMaterials Book Chapter
KOHA link:https://koha.lib.tpu.ru/cgi-bin/koha/opac-detail.pl?biblionumber=172834

MARC

LEADER 00000naa2a2200000 4500
001 172834
005 20231225105544.0
035 |a (RuTPU)RU\TPU\book\187439 
090 |a 172834 
100 |a 20091216d2009 k y0rusy50 ca 
101 0 |a rus 
102 |a RU 
200 1 |a Закономерности электроокисления бинарных электролитических осадков на основе золота и платины  |f Э. М. Габдурахманова, Э. В. Горчаков  |g науч. рук. Н. А. Колпакова 
320 |a Библиогр.: 3 назв. 
463 0 |0 (RuTPU)RU\TPU\book\176321  |t Химия и химическая технология в XXI веке  |o X Юбилейная всероссийская научно-практическая конференция студентов и аспирантов, г. Томск, 13-15 мая 2009 г.  |f Томский политехнический университет (ТПУ) ; Химия и химическая технология в XXI веке  |v С. 150  |d 2009  |p 322 с. 
610 1 |a электроокисление 
610 1 |a золото 
610 1 |a платина 
610 1 |a осаждение 
610 1 |a инверсионная вольтамперометрия 
610 1 |a электролитические осадки 
610 1 |a труды учёных ТПУ 
700 1 |a Габдурахманова  |b Э. М.  |c химик  |c техник-проектировщик инновационный научно-образовательного центра "Золото-платина" Томского политехнического университета, магистрант  |f 1987-  |g Эльвира Маратовна  |3 (RuTPU)RU\TPU\pers\27895  |9 12910 
701 1 |a Горчаков  |b Э. В.  |c российский геолог  |c научный сотрудник Томского политехнического университета  |f 1977-  |g Эдуард Владимирович  |3 (RuTPU)RU\TPU\pers\26198 
702 1 |a Колпакова  |b Н. А.  |c девичья фамилия Полукарова  |c российский химик  |c профессор Томского политехнического университета, доктор химических наук  |c Почетный химик России (1996 г.)  |f 1942-  |g Нина Александровна  |3 (RuTPU)RU\TPU\pers\21963  |4 727 
801 1 |a RU  |b 63413507  |c 20091216 
801 2 |a RU  |b 63413507  |c 20160728  |g RCR 
942 |c BK